000 00676nam a2200289Ia 4500
005 20260324123144.0
008 008 260324s9999 xx 000 0 eng d
020 _a9780429062575
037 _aEBOOK
040 _aCRL
040 _beng
040 _cCRL
041 _2eng
041 _aeng
084 _qCRL
100 _aZhe Chuan Feng
245 0 _aHandbook of Zinc Oxide and Related Materials
245 0 _bVolume One, Materials
260 _bTaylor and Francis
260 _c2012
365 _a
365 _b370
856 _uhttp://www.taylorfrancis.com/books/9780429062575
942 _cEBOOK
999 _c1762508
_d1762508